000 00618nam a2200253Ia 4500
003 OSt
005 20220912145515.0
006 a|||||r|||| 00| 0
007 ta
008 220909b |||||||| |||| 00| 0 eng d
024 _a69060
037 _cTextual
040 _aCSL
_beng
_cCSL
041 _aeng
082 _aK:3y8, G8
100 _aRogers Charles Gardner
245 0 _aLaboratory outline in comparative physiology
250 _a2nd
260 _c1938
300 _ap.
_ccm.
650 _aZoology
942 _hK:3y8, G8
_cTEXL
_2CC
999 _c33339
_d33339